Dobré a ještě lepší jitro /
Uloženo v:
| Hlavní autor: | |
|---|---|
| Další autoři: | |
| Médium: | E-audiokniha |
| Jazyk: | Czech |
| Vydáno: |
Praha :
Supraphon,
2015
|
| Témata: | |
| Tagy: |
Žádné tagy |
| LEADER | 02070nim a2200505 i 4500 | ||
|---|---|---|---|
| 001 | 313217 | ||
| 003 | CZ PrSKC | ||
| 005 | 20260601215738.0 | ||
| 007 | sd fsngnnmmned | ||
| 008 | 151005p20151982xr nnnng f n cze | ||
| 015 | |a cnb002735356 | ||
| 024 | 1 | |a 099925640828 | |
| 028 | 0 | 1 | |a SU 6408-2 |b Supraphon |
| 040 | |a ABA001 |b cze |e rda | ||
| 072 | 7 | |a 821.162.3-3 |x Česká próza |2 Konspekt | |
| 080 | |a 821.162.3-3 |2 MRF | ||
| 080 | |a (0:82-4) |2 MRF | ||
| 080 | |a (086.7)08 |2 MRF | ||
| 080 | |a (086.76) |2 MRF | ||
| 100 | 1 | |a Nepil, František, |d 1929-1995 |7 jk01083177 |4 aut |4 nrt | |
| 245 | 1 | 0 | |a Dobré a ještě lepší jitro / |c František Nepil |
| 264 | 1 | |a Praha : |b Supraphon, |c 2015 | |
| 300 | |a 1 CD audio (79:46) ; |c 12 cm | ||
| 306 | |a 011946 | ||
| 336 | |a mluvené slovo |b spw |2 rdacontent | ||
| 337 | |a audio |b s |2 rdamedia | ||
| 338 | |a audiodisk |b sd |2 rdacarrier | ||
| 344 | |a digital |b optical |g stereo |2 rda | ||
| 347 | |a audio soubor |b CD audio |2 rda | ||
| 500 | |a Název z disku | ||
| 500 | |a Fonogramy 1985 Supraphon a 1999 Ondřej Suchý | ||
| 500 | |a Technika záznamu AAD | ||
| 505 | 2 | 0 | |g Bonus. |t Dobrý a ještě lepší František Nepil. |g V roce 1972, ale ještě o něčem jiném (z první kapitoly knihy Ondřeje Suchého, vydané v Euromedia Group, k.s. - Ikar, 2009) |
| 511 | 0 | |a Vypráví autor a Ondřej Suchý (bonus) | |
| 518 | |a Nahráno 9.2.-22.6.1982 ve studiu Lucerna a bonus v r. 1999 ve studiu Fermata | ||
| 655 | 7 | |a české prózy |7 fd133972 |2 czenas | |
| 655 | 7 | |a fejetony |7 fd132252 |2 czenas | |
| 655 | 7 | |a audioknihy |7 fd119452 |2 czenas | |
| 655 | 7 | |a kompaktní disky |7 fd201991 |2 czenas | |
| 700 | 1 | |a Suchý, Ondřej, |d 1945- |7 jk01121747 |4 aut |4 nrt |4 wam | |
| 900 | |a ABA001 |b 18 | ||
| 044 | |a xr | ||
| 910 | |a RBIT002 | ||
| 998 | |d 394791 |a https://core.palmknihy.cz/api/books/394791/cover?sgtxi8 |b https://core.palmknihy.cz/api/books/394791/cover/400?sgtxi8 |c https://core.palmknihy.cz/api/books/394791/cover/50?sgtxi8 |e 2099-01-01 |i 099925640828 |l 4777 |q 49 |r 1 |s https://www.palmknihy.cz/kniha/394791 |t audiobook |y 2015 |z 0 | ||
| 999 | |d 313215 | ||